000 01305cam a2200337 a 4500
001 2128806
005 20250505143808.0
008 960909s1996 enk b 000 0 eng d
010 _a 97100009
020 _a0198774354
020 _a0198774362 (pbk.)
035 _a(OCoLC)35444928
040 _aUkNcU
_cUkNcU
_dUk
_dIDeKN
_dDLC
042 _alccopycat
050 0 0 _aHB241
_b.F543 1996
082 0 0 _a338.7
_bFIR
245 0 0 _aFirms, organizations and contracts :
_ba reader in industrial organization /
_cedited by Peter J. Buckley, Jonathan Michie.
260 _aOxford ;
_aNew York :
_bOxford University Press,
_c1996.
300 _axiii, 475 p. :
_bill. ;
_c24 cm.
440 0 _aOxford management readers
_9128835
504 _aIncludes bibliographical references.
650 0 _aIndustrial organization.
650 0 _aContracts.
_925815
700 1 _aBuckley, Peter J.,
_d1949-
_9128836
700 1 _aMichie, Jonathan.
_9128837
856 4 2 _3Publisher description
_uhttp://www.loc.gov/catdir/enhancements/fy0606/97100009-d.html
856 4 1 _3Table of contents only
_uhttp://www.loc.gov/catdir/enhancements/fy0606/97100009-t.html
906 _a7
_bcbc
_ccopycat
_d2
_encip
_f19
_gy-gencatlg
942 _2ddc
_cBK
999 _c613663
_d613663